ARRUPE JESUIT UNIVERSITY

CORONAVIRUS -STOP THE SPREAD - CLEAN,DISINFECT,COVER

African Belief and Knowledge Systems (Record no. 6572)

MARC details
000 -LEADER
fixed length control field 00540nam a2200205Ia 4500
003 - CONTROL NUMBER IDENTIFIER
control field 0100
008 - FIXED-LENGTH DATA ELEMENTS--GENERAL INFORMATION
fixed length control field 130227s9999 xx 000 0 und d
040 ## - CATALOGING SOURCE
Transcribing agency ARRUPELIB
050 ## - LIBRARY OF CONGRESS CALL NUMBER
Classification number B 5300. M462
100 ## - MAIN ENTRY--PERSONAL NAME
Personal name Maware, Munyaradzi.
245 ## - TITLE STATEMENT
Title African Belief and Knowledge Systems
245 ## - TITLE STATEMENT
Remainder of title A Critical Perspective
260 ## - PUBLICATION, DISTRIBUTION, ETC. (IMPRINT)
Place of publication, distribution, etc Cameroon
260 ## - PUBLICATION, DISTRIBUTION, ETC. (IMPRINT)
Name of publisher, distributor, etc Langaa Research & Publishing.
260 ## - PUBLICATION, DISTRIBUTION, ETC. (IMPRINT)
-- 2011
300 ## - PHYSICAL DESCRIPTION
Extent xvi
300 ## - PHYSICAL DESCRIPTION
Other physical details 117p. 22cm.
650 ## - SUBJECT ADDED ENTRY--TOPICAL TERM
Topical term following geographic name as entry element Catholic Church - Doctrinal works - Catholic authors
942 ## - ADDED ENTRY ELEMENTS (KOHA)
Source of classification or shelving scheme Library of Congress Classification
Koha issues (borrowed), all copies 5
Holdings
Withdrawn status Lost status Source of classification or shelving scheme Damaged status Not for loan Collection code Home library Current library Shelving location Date acquired Total Checkouts Full call number Barcode Date last seen Date last borrowed Copy number Price effective from Koha item type
    Library of Congress Classification     Main Collection ARRUPE LIBRARY ARRUPE LIBRARY   27/02/2013 19 B 5300. M462 46409117 18/10/2024 23/09/2024 1 27/02/2013 Monograph ( Printed materials)

 

Arrupe Library. PO Box MP320 Mt Pleasant, Harare, Zimbabwe
263 242 745411|librarian@aju.ac.zw